Central Library OPAC University of Rajshahi

Foundations of modern sociology / (Record no. 34234)

MARC details
000 -LEADER
fixed length control field 01113nam a2200313 a 4500
001 - CONTROL NUMBER
control field 34234
003 - CONTROL NUMBER IDENTIFIER
rucl marc code BD-RjUL
005 - DATE AND TIME OF LATEST TRANSACTION
control field 20211209052127.0
008 - FIXED-LENGTH DATA ELEMENTS--GENERAL INFORMATION
fixed length control field 140514s1985 njua b 001 0 eng
020 ## - INTERNATIONAL STANDARD BOOK NUMBER
International Standard Book Number 0133303179
035 ## - SYSTEM CONTROL NUMBER
System control number (BD-RjUL)34328
040 ## - CATALOGING SOURCE
Original cataloging agency DLC
Transcribing agency DLC
Modifying agency DLC
-- BD-RjUL
Language of cataloging eng
041 ## - LANGUAGE CODE
Language code of text/sound track or separate title eng
082 00 - DEWEY DECIMAL CLASSIFICATION NUMBER
Classification number 301
Edition number 19
Author mark and year SPF 1985
100 1# - MAIN ENTRY--PERSONAL NAME
Personal name Spencer, Metta,
Dates associated with a name 1931-
9 (RLIN) 104055
245 10 - TITLE STATEMENT
Title Foundations of modern sociology /
Statement of responsibility, etc. Metta Spencer ; with the editorial collaboration of Alex Inkeles.
250 ## - EDITION STATEMENT
Edition statement Canadian 4th ed.
260 ## - PUBLICATION, DISTRIBUTION, ETC. (IMPRINT)
Place of publication, distribution, etc. Englewood Cliffs, N.J. :
Name of publisher, distributor, etc. Prentice-Hall,
Date of publication, distribution, etc. c1985.
300 ## - PHYSICAL DESCRIPTION
Pagination xv, 637 p. :
Illustrations ill. ;
Size 26 cm.
500 ## - GENERAL NOTE
General note "With contributions from books in the 'Foundations of modern sociology series' by Joseph Ben-David" ... [et al.]
504 ## - BIBLIOGRAPHY, ETC. NOTE
Bibliography, etc Bibliography: p. 558-570.and indexes.
650 #0 - SUBJECT ADDED ENTRY--TOPICAL TERM
Topical term or geographic name as entry element Sociology.
9 (RLIN) 104057
Topical term or geographic name as entry element Social history
Chronological subdivision 20th century.
9 (RLIN) 16899
700 1# - ADDED ENTRY--PERSONAL NAME
Personal name Inkeles, Alex,
Dates associated with a name 1920-
942 ## - ADDED ENTRY ELEMENTS (KOHA)
Source of classification or shelving scheme Dewey Decimal Classification
Koha item type Books
Holdings
Lost status Source of classification or shelving scheme Damaged status Not for loan Collection code Permanent Location Current Location Shelving location Date acquired Source of acquisition Total Checkouts Full call number Date last seen Copy number Koha item type Cost, normal purchase price
  Dewey Decimal Classification     Non-fiction Central Library, University of Rajshahi Central Library, University of Rajshahi   14/11/1992 Asia Foundation, Gift.   301 SPF 1985 14/05/2014 C-2 Books  
  Dewey Decimal Classification   Not For Loan Non-fiction Central Library, University of Rajshahi Central Library, University of Rajshahi Reading Room 14/11/1992 N/A   301 SPF 1985 10/12/2016 C-1 Books 0.00